Govt. of
Madhya Pradesh

The Sacred Books Of the East (Record no. 845)

MARC details
000 -LEADER
fixed length control field 003080000a22001450004500
001 - CONTROL NUMBER
control field 000847
003 - CONTROL NUMBER IDENTIFIER
control field MACL
040 ## - CATALOGING SOURCE
Original cataloging agency MACL
090 ## - LOCALLY ASSIGNED LC-TYPE CALL NUMBER (OCLC); LOCAL CALL NUMBER (RLIN)
-- 847
-- 847
100 ## - MAIN ENTRY--PERSONAL NAME
Personal name Muller, Max F.
245 ## - TITLE STATEMENT
Title The Sacred Books Of the East
Statement of responsibility, etc. Max F. Muller
260 ## - PUBLICATION, DISTRIBUTION, ETC. (IMPRINT)
Place of publication, distribution, etc. AVF Books,
Date of publication, distribution, etc. 1987
650 ## - SUBJECT ADDED ENTRY--TOPICAL TERM
Topical term or geographic name as entry element Religion
942 ## - ADDED ENTRY ELEMENTS (KOHA)
Call number prefix 294
Koha item type Library Membar
Holdings
Withdrawn status Lost status Source of classification or shelving scheme Damaged status Not for loan Home library Current library Date acquired Total Checkouts Full call number Barcode Date last seen Uniform Resource Identifier Price effective from Koha item type
          MACL MACL 15/04/2015   294.3 VAR CRE012400 02/05/2024 846 15/04/2015 Books